| 000 | 00675nam a2200241Ia 4500 | ||
|---|---|---|---|
| 003 | OSt | ||
| 005 | 20221005085919.0 | ||
| 006 | a|||||r|||| 00| 0 | ||
| 007 | ta | ||
| 008 | 221004b |||||||| |||| 00| 0 eng d | ||
| 024 | _a52256 | ||
| 037 | _cTextual | ||
| 040 |
_aCRL _cCRL _beng |
||
| 041 |
_2eng _aeng |
||
| 082 | _aR3xN9:g, N0 | ||
| 100 | _aNorris Christopher | ||
| 245 | 0 |
_aWhat's wrong with postmodernism _b Critical theory and the ends of philosophy |
|
| 260 |
_aNew York _bHarvester Wheatsheaf _c1990 |
||
| 300 |
_a287p _ccm. |
||
| 650 | _aPHILOSOPHY | ||
| 942 |
_hR3xN9:g, N0 _cTEXL _2cc |
||
| 999 |
_c994995 _d994995 |
||